000 01805cad a22002295a 4500
001 L154369
008 111122s2011 xxk f 000 0 eng d
035 _a(Sirsi) u154369
041 0 _aeng
100 1 _aCameron, David
245 0 0 _aLaying the foundations
_ba housing strategy for England
_h[electronic resource]
260 _aLondon
_bDCLG
_c2011
505 2 _aExecutive summary -- Housing the need for a new approach -- Increasing supply more homes, stable growth -- Social and affordable housing reforms -- A thriving private rented sector -- Our strategy for empty homes -- Quality of housing experience and support -- Quality sustainability and design -- Action A Action plan -- Action B Policy impact evidence
520 _aSets out a package of reforms to get the housing market moving again, lay the foundations for a more responsive, effective and stable housing market in the future, support choice and quality for tenants and improve environmental standards and design quality. Measures include a new build indemnity scheme led by the Home Builders Federation and Council of Mortgage Lenders to provide up to 95% loan to value mortgages for new build properties in England, backed by a housebuilder indemnity fund. a Growing Places Fund, a Get Britain Building scheme, freeing up public sector land for housebuilding, supporting social and private-rented sectors to improve choice and quality for tenants. tackling empty homes and improving design and sustainability of housing.
590 _aKA NTK
650 2 4 _aLOCALISM ACT 2011
651 4 _aEngland
_y886-
690 _aPROPERTY-RESIDENTIAL PROPERTY
700 1 _aClegg, Peter
856 4 0 _uhttps://www.communities.gov.uk/documents/housing/pdf/2033676.pdf
_zView the item free of charge at www.communities.gov.uk
942 _n0
999 _c112953
_d112953